| 000 | 00597 a2200205 4500 | ||
|---|---|---|---|
| 001 | 61177 | ||
| 005 | 20260407155903.0 | ||
| 008 | 260407a1963 arg spa d | ||
| 003 | AR-UNSa-BCEJYS | ||
| 040 |
_aAR-UNSa-BCEJYS _bspa _cAR-UNSa-BCEJYS |
||
| 080 |
_a336.2 _xIngresos públicos (Derecho tributario) |
||
| 245 | 1 | 0 | _aMitos y paradojas de la justicia tributaria |
| 264 | 1 |
_aBarcelona : _bEdiciones Ariel _c1963 |
|
| 300 |
_a419 p. _c22 cm. |
||
| 041 | _aspa | ||
| 942 | _cBK | ||
| 590 | _aniveau_biblio:m niveau_hierar:0 | ||
| 100 | 1 | _aEinaudi, Luigi | |
| 700 | 1 | _aSolé Villalonga, Gabriel | |
| 999 |
_c7250 _d7250 |
||